000 00313 a2200133 4500
999 _c324959
_d324959
001 89886
003 NUST
082 _a813.6 MEY
100 _aMeyer Stephenie
_99897
245 _aTwilight
_cStephenie Meyer
260 _aGreat Britain
_bAtom
_c2005
300 _avi, 435p.
500 _aGeneral Books
942 _aCAE NUST
_cBK
_k813.6 MEY
_2ddc